000 00780nam a2200265 i 4500
001 66986
003 ES-MaACL
005 20250819085724.0
007 t|
008 030630s2003 sp ||||0| spa d
020 _a978-84-8460-254-5
080 _a329.18(460)
080 _a94(460)"1955/75"
100 1 _aAlfaya, Javier,
_d1939-2018
_919827
245 1 0 _aCrónica de los años perdidos
_b: la España del tardofranquismo /
_cJavier Alfaya.
250 _a1ª ed.
260 _aMadrid :
_bTemas de Hoy,
_c2003.
300 _a255 p. ;
_c23 cm.
490 1 _aHistoria viva
650 1 7 _aFranquismo
_2embne
_912981
651 4 _aEspaña-
_xHistoria-
_y1955-1975.
_98337
830 1 _aHistoria viva
_9183067
852 _aES-MaACL
_jL-27496
999 _c66986
_d66986